000 03139nam a22003137a 4500
003 OSt
005 20240513040931.0
008 240509b ||||| |||| 00| 0 eng d
040 _bEnglish.
_cCvSU-CCAT Campus Library.
_erda.
050 _aUM QA 76.9.A25
_bD48 2016
245 _aDevelopment and implementation of security system in Central Computer Laboratory Cavite State University-Rosario Campus /
_cRenan V. Ygbuhay [and four others].
260 _aRosario, Cavite :
_bCavite State University-CCAT Campus,
_c2016.
300 _axvii, 78 leaves :
_billustrations ;
_c28 cm
500 _aA Design Project (BSInfoTech) -- Cavite State University-CCAT Campus, 2016.
504 _aIncludes bibliographical references and appendices.
520 _aYGBUHAY, RENAN V., CASAPAO. JENNETH S. MAGTIBAY, AARON JOSHUA G., ORIÑA, KENNETH C.. AND LIMBO, LENLEN F., Development and Implementation of Security System in Central Computer Laboratory of of Security System in Central Computer Laboratory of Cavite State University-Rosario. Design Project. Bachelor of Science in Information Technology. Cavite State University-Rosario Campus, Rosario, Cavite. April 2016. Adviser: Mr. Christopher G. Estonilo. The general objective of the study was to develop and implement a Security system in the Central Computer Laboratory of Cavite State University--Rosario and was conducted from January 2015 to March 2016. Specifically it aimed to 1) design the user interface of the system, identify all necessary in nuts. process and output of the system, 2) evaluate the beta-version of the system for necessary modification and updates and, 3) implement the security system in the computer laboratories and in faculty room Of the Department of Computer Studies. The interactive model of system development was used. The developers planned, analyzed and designed continuously to produce the system for testing evaluation. The software was assessed in terms of ease of use, content accuracy and gender-sensitivity, objectives and curriculum support, user-interaction, cost efficiency, support and services, and as a learning tool. Twenty four respondents composed of two security personnel, one technical support personnel, five I.T experts, six faculty members, and 10 students from CvSU- Rosario were selected to evaluate the system. The result of the software evaluation is outstanding, software given a score of 91.25/100. The system is now implemented in the Computer Laboratories the Department of Computer Studies CvSU-Rosario.
546 _aIn English text.
650 _aComputer security.
_92585
650 _aSecurity systems.
_95029
650 _aClosed-circuit television (CCTV).
_912723
700 _aCasapao, Jenneth S., author.
_912617
700 _aMagtibay, Aaron Joshua G., author.
_912618
700 _aOriña, Kenneth C., author.
_912619
700 _aLimbo, Lenlen F., author.
_912620
700 _aEstonilo, Christopher G., adviser.
_95822
700 _aAgudo, Jovemar V., technical critic.
_912342
942 _2lcc
_cT/M/D
_kUM
_hQA 76.9.A25 D48 2016
999 _c3445
_d3445